000 00339 a2200157 4500
001 69106
020 _a8506040019
040 _cAnchieta - Itaigara
240 1 0 _aDesastre na mata
_lpor
245 1 0 _aDesastre na mata
300 _a23
362 0 _a2003
440 1 _aMelhoramentos
650 4 _aLiteratura infanto-juvenil
942 _cBK
999 _c69106
_d69106